[Event "Titled Tuesday intern op 13th Jun Early"]
[Site "Chess.com INT"]
[Date "2023.06.13"]
[Round "1"]
[White "Arencibia Monduy, Antonio"]
[Black "Philippe, Guillaume"]
[Result "1-0"]
[WhiteElo "2122"]
[BlackElo "2350"]
[PlyCount "133"]
[EventDate "2023.06.13"]
[EventType "swiss (blitz)"]
[EventRounds "11"]
[EventCountry "USA"]
[SourceTitle "EXT 2024"]
[Source "ChessBase"]
[SourceDate "2023.10.10"]
[SourceVersion "1"]
[SourceVersionDate "2023.10.10"]
[SourceQuality "1"]

1. e4 e5 2. Bc4 Nf6 3. d3 c6 4. Nf3 d5 5. Bb3 Bd6 6. 0-0 h6 7. Re1 0-0 8. Nbd2 Bg4 9. h3 Bh5 10. Nf1 Re8 11. Ng3 Bg6 12. Nh4 Nxe4 13. Nxg6 Nxg3 14. Qg4 fxg6 15. Qxg6 Nd7 16. Qxd6 Nf5 17. Qg6 Qf6 18. Qxf6 Nxf6 19. c3 Rad8 20. Bd2 Kh7 21. Re2 e4 22. Bc2 Nd6 23. Rae1 g6 24. Bf4 exd3 25. Bxd3 Nde4 26. f3 Nc5 27. Re7+ Kg8 28. Bxg6 Rxe7 29. Rxe7 Rd7 30. Rxd7 Nfxd7 31. Bxh6 Na4 32. Bc1 Ne5 33. Bc2 Nb6 34. Kf2 Kf7 35. f4 Nec4 36. g4 c5 37. b3 Nd6 38. Be3 Nd7 39. Kf3 Nb5 40. Bd2 d4 41. c4 Nd6 42. g5 b5 43. cxb5 Nxb5 44. h4 c4 45. bxc4 Na3 46. Bd3 Nc5 47. Ke2 Na4 48. h5 Nb2 49. g6+ Kg7 50. f5 Naxc4 51. h6+ Kf6 52. h7 Kg7 53. f6+ Kxf6 54. h8Q+ Ke6 55. Bxc4+ Nxc4 56. Qg8+ Kd6 57. Qxc4 Ke5 58. Qf7 a5 59. Kd3 Kd6 60. Bf4+ Kc5 61. Qc4+ Kb6 62. Bc7+ Kb7 63. Bd6 a4 64. Qb5+ Kc8 65. Qc6+ Kd8 66. Qc7+ Ke8 67. Qe7# 1-0

[Event "Titled Tuesday intern op 13th Jun Early"]
[Site "Chess.com INT"]
[Date "2023.06.13"]
[Round "7"]
[White "Matveeva, Olga"]
[Black "Philippe, Guillaume"]
[Result "1-0"]
[WhiteElo "2128"]
[BlackElo "2350"]
[PlyCount "105"]
[EventDate "2023.06.13"]
[EventType "swiss (blitz)"]
[EventRounds "11"]
[EventCountry "USA"]
[SourceTitle "EXT 2024"]
[Source "ChessBase"]
[SourceDate "2023.10.10"]
[SourceVersion "1"]
[SourceVersionDate "2023.10.10"]
[SourceQuality "1"]

1. d4 Nf6 2. c4 e6 3. g3 c5 4. d5 exd5 5. cxd5 d6 6. Nc3 g6 7. Bg2 Bg7 8. Nf3 0-0 9. 0-0 Nbd7 10. h3 Qe7 11. Nd2 Nh5 12. e4 Re8 13. Re1 Ne5 14. Qc2 Qf8 15. f4 Nd7 16. Kh2 a6 17. a4 f5 18. Nc4 fxe4 19. Nxe4 Ndf6 20. Ncxd6 Bf5 21. Nxf5 gxf5 22. Nxf6+ Qxf6 23. Bd2 Qxb2 24. Qxb2 Bxb2 25. Rab1 Rxe1 26. Bxe1 Re8 27. Rxb2 Rxe1 28. Rxb7 Nf6 29. d6 Rd1 30. Rc7 Rxd6 31. Rxc5 Kg7 32. Rxf5 Rd2 33. Re5 Kf7 34. g4 Rd4 35. a5 Rxf4 36. Bb7 Rxg4 37. Bxa6 Ra4 38. Bb5 Ra2+ 39. Kg3 Kg6 40. a6 Ra3+ 41. Kg2 Ra2+ 42. Kf3 Ra3+ 43. Re3 Ra5 44. Bc4 Kg5 45. Re7 Kf5 46. Bd3+ Kg5 47. Rg7+ Kh6 48. Rf7 Nd5 49. Rxh7+ Kg5 50. Rf7 Nb6 51. Kg3 Nd5 52. h4+ Kh5 53. Rh7# 1-0

[Event "Titled Tuesday intern op 13th Jun Early"]
[Site "Chess.com INT"]
[Date "2023.06.13"]
[Round "6"]
[White "Philippe, Guillaume"]
[Black "Vaglio Munoz, Jaime"]
[Result "1-0"]
[WhiteElo "2350"]
[BlackElo "2174"]
[PlyCount "113"]
[EventDate "2023.06.13"]
[EventType "swiss (blitz)"]
[EventRounds "11"]
[EventCountry "USA"]
[SourceTitle "EXT 2024"]
[Source "ChessBase"]
[SourceDate "2023.10.10"]
[SourceVersion "1"]
[SourceVersionDate "2023.10.10"]
[SourceQuality "1"]

1. e4 g6 2. d4 Bg7 3. Nc3 c6 4. Be3 d5 5. e5 f6 6. f4 Nh6 7. h3 0-0 8. Nf3 Qb6 9. Na4 Qa5+ 10. c3 Nf5 11. Bf2 fxe5 12. fxe5 Bh6 13. Bd3 Ne3 14. Bxe3 Bxe3 15. b4 Qd8 16. Qe2 Bf4 17. 0-0 a5 18. a3 axb4 19. axb4 Bf5 20. Bxf5 Rxf5 21. Nc5 Rxa1 22. Rxa1 Nd7 23. Ne6 Qc8 24. Nh4 Rf7 25. Rf1 Bh6 26. Rxf7 Kxf7 27. Qf3+ Kg8 28. Qg4 Nf8 29. Nc5 Qxg4 30. hxg4 b6 31. Na4 b5 32. Nb2 Bd2 33. Nd1 Ne6 34. Nf3 Bc1 35. g3 Ng5 36. Nxg5 Bxg5 37. Kf2 Kf7 38. Ke2 Bc1 39. Nf2 Kg7 40. Nd3 Bg5 41. Nc5 Kh6 42. Ne6 Bc1 43. Nd8 Kg5 44. Nxc6 e6 45. Nd8 Kxg4 46. Nxe6 Kxg3 47. Ng7 Kg2 48. c4 dxc4 49. d5 Bg5 50. d6 h5 51. e6 h4 52. e7 Bxe7 53. dxe7 h3 54. e8Q h2 55. Qxg6+ Kh1 56. Kf2 c3 57. Qg2# 1-0

[Event "FRA-chT Top 16 GpB"]
[Site "Chartres"]
[Date "2023.06.03"]
[Round "3.2"]
[White "Bluebaum, Matthias"]
[Black "Philippe, Guillaume"]
[Result "1/2-1/2"]
[WhiteElo "2669"]
[BlackElo "2349"]
[PlyCount "75"]
[EventDate "2023.06.01"]
[EventType "team-tourn"]
[EventRounds "7"]
[EventCountry "FRA"]
[SourceTitle "CBM 214 Extra"]
[Source "ChessBase"]
[SourceDate "2023.07.31"]
[SourceVersion "1"]
[SourceVersionDate "2023.07.31"]
[SourceQuality "1"]
[WhiteTeam "Mulhouse Philidor"]
[BlackTeam "Marseille"]
[WhiteTeamCountry "FRA"]
[BlackTeamCountry "FRA"]

1. Nf3 Nf6 2. c4 e6 3. g3 a6 4. Bg2 b5 5. b3 Bb7 6. 0-0 c5 7. Nc3 b4 8. Na4 d6 9. d4 Nbd7 10. d5 exd5 11. Nh4 g6 12. cxd5 Bg7 13. Bb2 0-0 14. e4 Re8 15. Re1 a5 16. Qd2 Nb6 17. Nxb6 Qxb6 18. Rad1 a4 19. e5 dxe5 20. Bxe5 axb3 21. axb3 Ne4 22. Rxe4 Rxe5 23. Rxe5 Bxe5 24. Nf3 Bc3 25. Qf4 Qf6 26. Qc7 Bxd5 27. Rxd5 Ra1+ 28. Bf1 Qxf3 29. Rd8+ Kg7 30. Qxc5 h5 31. Qf8+ Kh7 32. Rd7 Rxf1+ 33. Kxf1 Qh1+ 34. Ke2 Qe4+ 35. Kf1 Qh1+ 36. Ke2 Qe4+ 37. Kf1 Qh1+ 38. Ke2 1/2-1/2

[Event "Menton op 19th"]
[Site "Menton"]
[Date "2022.10.25"]
[Round "3"]
[White "Kuhn, Clement"]
[Black "Philippe, Guillaume"]
[Result "1/2-1/2"]
[WhiteElo "2258"]
[BlackElo "2364"]
[PlyCount "95"]
[EventDate "2022.10.23"]
[EventType "swiss"]
[EventRounds "9"]
[EventCountry "FRA"]
[SourceTitle "EXT 2024"]
[Source "ChessBase"]
[SourceDate "2023.10.10"]
[SourceVersion "1"]
[SourceVersionDate "2023.10.10"]
[SourceQuality "1"]

1. d4 Nf6 2. c4 e6 3. Nc3 Bb4 4. e3 0-0 5. Nge2 Re8 6. a3 Bf8 7. e4 d5 8. e5 Nfd7 9. c5 f6 10. f4 b6 11. b4 a5 12. Be3 axb4 13. axb4 Rxa1 14. Qxa1 fxe5 15. fxe5 Nc6 16. Qa4 Ncxe5 17. dxe5 bxc5 18. bxc5 Nxc5 19. Qc2 Nd7 20. Bf4 c5 21. Qd2 Qb6 22. Nc1 c4 23. Nxd5 exd5 24. Qxd5+ Kh8 25. Bxc4 Bb4+ 26. Kf1 Nxe5 27. Bxe5 Rf8+ 28. Ke2 Qf2+ 29. Kd1 Bf5 30. Ne2 Bg6 31. Bd3 Bf7 32. Qd4 Bb3+ 33. Kc1 Ba3+ 34. Kd2 Qf7 35. Nc3 Qe7 36. Ne4 Rd8 37. Bxg7+ Kg8 38. Bf6 Rxd4 39. Bxe7 Bxe7 40. Kc3 Rd8 41. Kxb3 Rxd3+ 42. Kc4 Rd7 43. Rf1 Kg7 44. Rf2 Kg6 45. Nc3 Bd6 46. g4 h5 47. gxh5+ Kxh5 48. Ne4 1/2-1/2

[Event "Menton op 19th"]
[Site "Menton"]
[Date "2022.10.25"]
[Round "4"]
[White "Philippe, Guillaume"]
[Black "Christiansen, Johan Sebastian"]
[Result "0-1"]
[WhiteElo "2364"]
[BlackElo "2576"]
[PlyCount "36"]
[EventDate "2022.10.23"]
[EventType "swiss"]
[EventRounds "9"]
[EventCountry "FRA"]
[SourceTitle "EXT 2024"]
[Source "ChessBase"]
[SourceDate "2023.10.10"]
[SourceVersion "1"]
[SourceVersionDate "2023.10.10"]
[SourceQuality "1"]

1. b3 e5 2. Bb2 Nc6 3. c4 Nge7 4. Nf3 d5 5. cxd5 Nxd5 6. Nxe5 Nxe5 7. Bxe5 Qe7 8. Bc3 Bg4 9. h3 Bh5 10. g4 Bg6 11. Bg2 0-0-0 12. Bxd5 Rxd5 13. b4 h5 14. Rf1 hxg4 15. hxg4 Bd3 16. Na3 Qe4 17. f3 Qe7 18. Nc2 Rh2 0-1